| 000 | 00842nam a2200217Ia 4500 | ||
|---|---|---|---|
| 001 | 15519 | ||
| 003 | GE_BSU | ||
| 008 | 181216s||||||||xx |||||||||||||| ||und|| | ||
| 040 | _cGE_BSU | ||
| 080 | _a821.353.1(092 ბარნოვი ვასილ) | ||
| 100 | _aჩხეიძე,ოთარ | ||
| 245 | _aრომანი და ისტორია | ||
| 245 | _bვასილ ბარნოვის ცხოვრება და შემოქმედება | ||
| 260 | _aთბილისი | ||
| 260 | _bსაბჭოთა საქართველო | ||
| 260 | _c1976 | ||
| 300 | _a303გვ.22სმ. | ||
| 653 | _aვასილ ბარნოვის ცხოვრება და შემოქმედება | ||
| 653 | _aრომანი და ისტორია | ||
| 942 | _cBK | ||
| 999 |
_c48619 _d48619 |
||